سر گز شت ا سير (Record no. 164234)
[ view plain ]
| 000 -LEADER | |
|---|---|
| fixed length control field | 00652nam a22001937a 4500 |
| 005 - DATE AND TIME OF LATEST TRANSACTION | |
| control field | 20190514145133.0 |
| 010 ## - LCCN (DPL NO) | |
| LC control number | UR-10115 |
| 020 ## - INTERNATIONAL STANDARD BOOK NUMBER | |
| Terms of availability | 150.00 |
| International Standard Book Number | 9789388105002 |
| 035 ## - SYSTEM CONTROL NUMBER | |
| System control number | U-8670 |
| 037 ## - SOURCE OF ACQUISITION | |
| Source of stock number/acquisition | DBAD/PUB |
| 082 ## - DEWEY DECIMAL CLASSIFICATION NUMBER | |
| Classification number | 844.08 |
| 100 ## - MAIN ENTRY--PERSONAL NAME | |
| Personal name | و کٹر ہيو گو |
| 245 ## - TITLE STATEMENT | |
| Title | سر گز شت ا سير |
| Statement of responsibility, etc | و کٹر ہيو گو |
| 246 ## - VARYING FORM OF TITLE | |
| Remainder of title | Sarguzisht-e-Aseer(Urdu) |
| Title proper/short title | by Victor Hugo |
| 260 ## - PUBLICATION, DISTRIBUTION, ETC. (IMPRINT) | |
| Place of publication, distribution, etc | Delhi |
| Name of publisher, distributor, etc | Educational Publishing House |
| Date of publication, distribution, etc | 2018 ء |
| 270 ## - ADDRESS | |
| Address | 3191،Vakil Street,Kucha Pandit,Lal Kuan, |
| City | Delhi |
| Postal code | 110006 |
| Telephone number | 23216162 |
| Fax number | 00911123211540 |
| 300 ## - PHYSICAL DESCRIPTION | |
| Extent | 120ص |
| Dimensions | 22 Cm.(bk) |
| 942 ## - ADDED ENTRY ELEMENTS (KOHA) | |
| Source of classification or shelving scheme | Dewey Decimal Classification |
| Item type | Urdu Bks |
| Classification part | 844.08 |
| Call number suffix | م ن ٹ |
| Withdrawn status | Lost status | Not for loan | Collection code | Home library | Current library | Date acquired | Source of acquisition | Cost, normal purchase price | Full call number | Barcode | Copy number | Cost, replacement price | Koha item type |
|---|---|---|---|---|---|---|---|---|---|---|---|---|---|
| Not For Loan | Non-fiction | D.B.Act.Division | D.B.Act.Division | 14/05/2019 | DBAD/PUB | 150.00 | 844.08 م ن ٹ | U-8670 | 1 | 150.00 | Urdu Bks |
